|
|
|
|
| LEADER |
02118nam a22005655i 4500 |
| 001 |
978-1-4020-4217-1 |
| 003 |
DE-He213 |
| 005 |
20151204171135.0 |
| 007 |
cr nn 008mamaa |
| 008 |
100301s2006 ne | s |||| 0|eng d |
| 020 |
|
|
|a 9781402042171
|9 978-1-4020-4217-1
|
| 024 |
7 |
|
|a 10.1007/978-1-4020-4217-1
|2 doi
|
| 040 |
|
|
|d GrThAP
|
| 050 |
|
4 |
|a TA1750-1750.22
|
| 072 |
|
7 |
|a TJFD
|2 bicssc
|
| 072 |
|
7 |
|a TEC021000
|2 bisacsh
|
| 072 |
|
7 |
|a TEC008080
|2 bisacsh
|
| 082 |
0 |
4 |
|a 620.11295
|2 23
|
| 082 |
0 |
4 |
|a 620.11297
|2 23
|
| 100 |
1 |
|
|a Meinders, Erwin R.
|e author.
|
| 245 |
1 |
0 |
|a Optical Data Storage
|h [electronic resource] :
|b Phase-Change Media and Recording /
|c by Erwin R. Meinders, Andrei V. Mijiritskii, Liesbeth van Pieterson, Matthias Wuttig.
|
| 264 |
|
1 |
|a Dordrecht :
|b Springer Netherlands,
|c 2006.
|
| 300 |
|
|
|a VIII, 174 p.
|b online resource.
|
| 336 |
|
|
|a text
|b txt
|2 rdacontent
|
| 337 |
|
|
|a computer
|b c
|2 rdamedia
|
| 338 |
|
|
|a online resource
|b cr
|2 rdacarrier
|
| 347 |
|
|
|a text file
|b PDF
|2 rda
|
| 505 |
0 |
|
|a Theoretical aspects of phase-change alloys -- Thermal modelling of phase-change recording -- Data recording characteristics -- Recording media.
|
| 650 |
|
0 |
|a Materials science.
|
| 650 |
|
0 |
|a Condensed matter.
|
| 650 |
|
0 |
|a Optics.
|
| 650 |
|
0 |
|a Optoelectronics.
|
| 650 |
|
0 |
|a Plasmons (Physics).
|
| 650 |
|
0 |
|a Optical materials.
|
| 650 |
|
0 |
|a Electronic materials.
|
| 650 |
1 |
4 |
|a Materials Science.
|
| 650 |
2 |
4 |
|a Optical and Electronic Materials.
|
| 650 |
2 |
4 |
|a Optics, Optoelectronics, Plasmonics and Optical Devices.
|
| 650 |
2 |
4 |
|a Materials Science, general.
|
| 650 |
2 |
4 |
|a Condensed Matter Physics.
|
| 650 |
2 |
4 |
|a Characterization and Evaluation of Materials.
|
| 700 |
1 |
|
|a Mijiritskii, Andrei V.
|e author.
|
| 700 |
1 |
|
|a Pieterson, Liesbeth van.
|e author.
|
| 700 |
1 |
|
|a Wuttig, Matthias.
|e author.
|
| 710 |
2 |
|
|a SpringerLink (Online service)
|
| 773 |
0 |
|
|t Springer eBooks
|
| 776 |
0 |
8 |
|i Printed edition:
|z 9781402042164
|
| 856 |
4 |
0 |
|u http://dx.doi.org/10.1007/978-1-4020-4217-1
|z Full Text via HEAL-Link
|
| 912 |
|
|
|a ZDB-2-SCS
|
| 950 |
|
|
|a Computer Science (Springer-11645)
|